রবীন্দ্রনাথ এখানে কখনও খেতে আসেননি / (Record no. 13091)
[ view plain ]
| 000 -LEADER | |
|---|---|
| fixed length control field | 00783nam a2200217 a 4500 |
| 001 - CONTROL NUMBER | |
| JCCL Control Number | 13091 |
| 003 - CONTROL NUMBER IDENTIFIER | |
| JCCL marc code | BD-JhCC |
| 005 - DATE AND TIME OF LATEST TRANSACTION | |
| control field | 20230710084900.0 |
| 008 - FIXED-LENGTH DATA ELEMENTS--GENERAL INFORMATION | |
| fixed length control field | 220623s20152022bg |||| ||a| 000 0 ben d |
| 035 ## - SYSTEM CONTROL NUMBER | |
| system control number | (BD-JhCC)13091 |
| 040 ## - CATALOGING SOURCE | |
| Original cataloging agency | BD-JhCC |
| Modifying agency | BD-JhCC |
| 041 ## - LANGUAGE CODE | |
| Language code of Book | ben |
| 082 ## - DEWEY DECIMAL CLASSIFICATION NUMBER | |
| Author mark and Year | UDD 2022 |
| Classification number | 891.443 |
| 100 ## - MAIN ENTRY--PERSONAL NAME | |
| Personal name | উদ্দিন, মোহাম্মদ নাজিম |
| 245 ## - TITLE STATEMENT | |
| Title | রবীন্দ্রনাথ এখানে কখনও খেতে আসেননি / |
| Statement of responsibility, etc | মোহাম্মদ নাজিম উদ্দিন । |
| 260 ## - PUBLICATION, DISTRIBUTION, ETC. (IMPRINT) | |
| Place of publication, distribution, etc | ঢাকা: |
| Name of publisher, distributor, etc | বাতিঘর প্রকাশনী; |
| Date of publication, distribution, etc | ২০২২. |
| 300 ## - PHYSICAL DESCRIPTION | |
| Pagination | ৩০৪ পৃ. : |
| Dimensions | ২২ সেমি. |
| 650 ## - SUBJECT ADDED ENTRY--TOPICAL TERM | |
| Topical term or geographic name as entry element | Detective Stories |
| 942 ## - ADDED ENTRY ELEMENTS (KOHA) | |
| Source of classification or shelving scheme | Dewey Decimal Classification |
| Koha item type | Books |
| Koha issues (borrowed), all copies | 24 |
| Source of classification or shelving scheme | Damaged status | Not for loan | Home library | Current library | Shelving location | Date of accession | Cost, normal purchase price | Total Checkouts | Full call number | Barcode | Date last seen | Date checked out | Copy number | Method of acquisition | Koha item type | Currency |
|---|---|---|---|---|---|---|---|---|---|---|---|---|---|---|---|---|
| Dewey Decimal Classification | JCC Rouf Library | JCC Rouf Library | General Stacks | 06/22/2023 | 288.00 | 22 | UDD 2022 891.443 | 17883 | 07/21/2025 | 06/23/2025 | C-1 | Purchase | Books | BDT |